| 000 | 00836cab a2200205 4500 | ||
|---|---|---|---|
| 001 | ABS40585 | ||
| 008 | 090401t1989 xxu||||| |||| 00| 0 eng d | ||
| 035 | _a(Sirsi) u24870 | ||
| 041 | _aeng | ||
| 100 | _aGoodchild, S.L | ||
| 245 | _aRetention of major facades | ||
| 260 | _c1989 | ||
| 350 | _a0 | ||
| 490 |
_aStructural Engineer _v67(8) 18 April 1989, 131-138(8) |
||
| 520 | _aDetailed review of the refurbishment of buildings, maintaining the facade describing the various stages of the design development and giving detailed information on the key factors to be considered from the preliminary investigations, through the onsite installation of temporary works and the construction of the new building behind the facade. | ||
| 690 |
_aRefurbishment _96264 |
||
| 700 | _aKaminski, M.P. | ||
| 942 | _n0 | ||
| 948 | _c04/03/1997 | ||
| 999 |
_c16681 _d16681 |
||